| 000 | 00849cab a2200253 4500 | ||
|---|---|---|---|
| 001 | ABS59985 | ||
| 008 | 090401t1999 xxu||||| |||| 00| 0 eng d | ||
| 035 | _a(Sirsi) u91012 | ||
| 041 | _aeng | ||
| 100 | _aPaice, Catherine | ||
| 245 | _aScotching feudalism | ||
| 260 | _c1999 | ||
| 350 | _a0 | ||
| 490 |
_aEstates Gazette _v(9904) 30 January 1999, 146-147(2) |
||
| 520 | _aOutlines the proposed reforms to the Scottish land ownership system which are aimed at increasing diversity of land use and community involvement. Whilst the reforms have met with broad approval, landowners and agents have responded with a more mixed reaction. | ||
| 650 | _aLAND MANAGEMENT | ||
| 650 | _aLAND OWNERSHIP | ||
| 650 | _aLAND REFORM | ||
| 650 | _aRURAL COMMUNITIES | ||
| 650 | _aSCOTLAND | ||
| 690 | _aLAND | ||
| 942 | _n0 | ||
| 948 | _c01/02/1999 | ||
| 999 |
_c57749 _d57749 |
||